00516nam a2200169Ia 4500001000700000003000500007008004100012010001100053040000900064100002100073245008300094260004300177300000900220502008700229650001100316650001900327Z_1394CHAP220113s1979 xx 000 0 und d a164483 cCHAP aAsadpour, Parviz aCalcium and ammonium hydroxide treatment of wheat straw /cby Parviz Asadpour aLincoln Nebraska :bThe author,c1979 a84 h aThesis (Master of Science) -- University of Nebraska. Department of Animal Science aCalcio aPaja de trigo